00474nam a22001577a 4500008004100000010001400041020001500055020001700070035001300087082001100100100001800111245008300129260007600212260000900288300001900297081020t xxu||||| |||| 00| 0 eng d aENG-84073 a8179924041 c150.00 (pbk) aEN-67606 a279.3  aFeild, Reshad aLast barrier:ba journey into the essence of sufi teachings /cby Reshad Feild aMumbaibJaico Publishing Housee121, Mahatma Gandhi Road, Mumbai-400023 c2005 axix,184pc22cm